LIBRARY & INFORMATION CENTRE, KCAET, TAVANUR

ONLINE PUBLIC ACCESS CATALOGUE (OPAC)

Photosynthesis / (Record no. 7354)

MARC details
000 -LEADER
fixed length control field 00526cam a2200205ua 4500
020 ## - INTERNATIONAL STANDARD BOOK NUMBER
ISBN 0-7131-2827-5
041 ## - LANGUAGE CODE
Language code of text/sound track or separate title eng
082 ## - DEWEY DECIMAL CLASSIFICATION NUMBER
Classification number 581.13342
Item number HAL/PH
100 ## - MAIN ENTRY--AUTHOR NAME
Personal name Hall, D O .
245 ## - TITLE STATEMENT
Title Photosynthesis /
250 ## - EDITION STATEMENT
Edition statement 3 /
260 ## - PUBLICATION, DISTRIBUTION, ETC. (IMPRINT)
Place of publication London :
Name of publisher Edward Arnold Publications Ltd ,
Year of publication 1984.
300 ## - PHYSICAL DESCRIPTION
Number of Pages 84 ; .
490 0# - SERIES STATEMENT
Series statement Studies in biology,
Volume number/sequential designation 37
700 1# - ADDED ENTRY--PERSONAL NAME
Personal name Rao, K K .
942 ## - ADDED ENTRY ELEMENTS (KOHA)
Koha item type Books
Holdings
Withdrawn status Lost status Damaged status Home library Current library Date acquired Full call number Accession Number Koha item type
Withdrawn     KAUAET KAUAET 10/09/1986 581.13342 HAL/PH 15764 Books
free website counter